লোডিং...

Nueural networks in computer intelligence /

গ্রন্থ-পঞ্জীর বিবরন
প্রধান লেখক: LiMin , Fu .
বিন্যাস: Printed Book
ভাষা:English
প্রকাশিত: New York : Mc-Graw Hill , 1994.
বিষয়গুলি:
LEADER 00708cam a2200217ua 4500
001 2428
005 20191212161534.0
007 ta
008 080807s1994 g b000 u eng u
041 1 |a eng  |h NULL 
082 1 4 |a 006.32  |b LIM 
100 1 |a LiMin , Fu . 
245 1 0 |a Nueural networks in computer intelligence /   |c LiMin Fu.  |h Textual Documents 
260 |a New York :   |b Mc-Graw Hill ,   |c 1994. 
300 |a NULL ;   |c NULL. 
541 |e 00756  
653 0 |a Neural Networks 
852 0 |t 1  |p DCS00756   |b R  |k 006.32  |f 00000  |m LIM 
942 |c BK 
999 |c 239156  |d 239156 
952 |0 0  |1 0  |4 0  |6 006_320000000000000  |7 0  |9 253692  |a DCS  |b DCS  |d 2019-12-12  |f 00000  |l 0  |m 0  |o 006.32  |p DCS00756   |r 2019-12-12  |t 1  |w 2019-12-12  |y BK